| Tag |
First Indicator |
Second Indicator |
Subfields |
| LEADER |
00000cam a2200000Mi 4500 |
| 001 |
in00003578377 |
| 006 |
m o d |
| 007 |
cr mnu---uuaaa |
| 008 |
121227s1988 gw a o 000 0 eng |
| 005 |
20260421181447.6 |
| 019 |
|
|
|a 858930333
|
| 020 |
|
|
|a 9783642735837 (electronic bk.)
|
| 020 |
|
|
|a 3642735835 (electronic bk.)
|
| 020 |
|
|
|z 9783540191452
|
| 020 |
|
|
|z 3540191453
|
| 024 |
7 |
|
|a 10.1007/978-3-642-73583-7
|2 doi
|
| 035 |
|
|
|a (OCoLC)851745947
|z (OCoLC)858930333
|
| 040 |
|
|
|a AU@
|b eng
|c AU@
|d OCLCO
|d OCLCQ
|d UV0
|d GW5XE
|d OCLCF
|d UtOrBLW
|
| 049 |
|
|
|a TXAM
|
| 050 |
|
4 |
|a RC627.5-632
|
| 072 |
|
7 |
|a MFGM
|2 bicssc
|
| 072 |
|
7 |
|a MED027000
|2 bisacsh
|
| 082 |
0 |
4 |
|a 616.39
|2 23
|
| 100 |
1 |
|
|a Creutzfeldt, W.
|
| 245 |
1 |
0 |
|a Acarbose for the Treatment of Diabetes Mellitus /
|c edited by W. Creutzfeldt.
|
| 264 |
|
1 |
|a Berlin, Heidelberg :
|b Springer Berlin Heidelberg,
|c 1988.
|
| 300 |
|
|
|a 1 online resource (xvi, 198 pages 61 illustrations)
|
| 336 |
|
|
|a text
|b txt
|2 rdacontent
|
| 337 |
|
|
|a computer
|b c
|2 rdamedia
|
| 338 |
|
|
|a online resource
|b cr
|2 rdacarrier
|
| 505 |
0 |
|
|a Introduction -- Experimental Data on Acarbose I -- Experimental Data on Acarbose II -- Posters -- Acarbose in NIDDM -- Posters -- Acarbose in IDDM -- Posters -- Panel Discussion: Future Aspects of -Glucosidase Inhibition -- Subject Index -- Author Index.
|
| 520 |
|
|
|a New principles for the treatment of diabetes are described in this volume. Experts present experimental and clinical data on treatment with acarbose, an alpha-glucosidase inhibitor that delays absorption of fast carbohydrates. Toxicologic, pharmacologic and metabolic effects of acarbose are discussed. A concluding section on the future aspects of alpha-glucosidase inhibition offers a fair assessment of therapeutic possibilities.
|
| 500 |
|
|
|a Electronic resource.
|
| 650 |
|
0 |
|a Medicine.
|
| 650 |
|
0 |
|a Toxicology.
|
| 650 |
|
0 |
|a Cardiology.
|
| 650 |
|
0 |
|a Metabolism
|x Disorders.
|
| 650 |
|
0 |
|a Nephrology.
|
| 650 |
|
7 |
|a Cardiology.
|2 fast
|0 (OCoLC)fst00847121
|
| 650 |
|
7 |
|a Medicine.
|2 fast
|0 (OCoLC)fst01014893
|
| 650 |
|
7 |
|a Metabolism
|x Disorders.
|2 fast
|0 (OCoLC)fst01017476
|
| 650 |
|
7 |
|a Nephrology.
|2 fast
|0 (OCoLC)fst01035991
|
| 650 |
|
7 |
|a Toxicology.
|2 fast
|0 (OCoLC)fst01153364
|
| 655 |
|
7 |
|a Electronic books.
|2 local
|
| 710 |
2 |
|
|a SpringerLink (Online service)
|
| 776 |
1 |
8 |
|i Print version:
|z 9783540191452
|
| 856 |
4 |
0 |
|u http://proxy.library.tamu.edu/login?url=https://link.springer.com/10.1007/978-3-642-73583-7
|z Connect to the full text of this electronic book
|t 0
|
| 994 |
|
|
|a 92
|b TXA
|
| 999 |
|
|
|a MARS
|
| 999 |
f |
f |
|s 1faa8378-cf58-35e7-b4f6-c2569eaa544a
|i 8ee08de7-b1f9-394e-92db-959bd8bd7166
|t 0
|
| 952 |
f |
f |
|a Texas A&M University
|b College Station
|c Electronic Resources
|s www_evans
|d Available Online
|t 0
|e RC627.5-632
|h Library of Congress classification
|
| 998 |
f |
f |
|a RC627.5-632
|t 0
|l Available Online
|